[Event "Xtracon GM"]
[Site "Borup"]
[Date "2009.09.05"]
[Round "2"]
[White "Andersen, Rune Egede"]
[Black "Skovle, Lars"]
[Result "1-0"]
[WhiteElo "2026"]
[BlackElo "1661"]
[PlyCount "67"]
[EventDate "2009.09.04"]
[EventType "swiss"]
[EventRounds "9"]
[EventCountry "DEN"]
[Source "ChessBase"]
[SourceDate "2009.11.03"]

1. e4 Nf6 2. Nc3 d5 3. e5 Nfd7 4. d4 e6 5. f4 c5 6. Nf3 Nc6 7. Be3 cxd4 8. Nxd4
Bb4 9. Qd2 Qa5 10. Ndb5 a6 11. Nd6+ Bxd6 12. exd6 Qb4 13. O-O-O Qxd6 14. Qf2
Qe7 15. Bd3 b5 16. Rhe1 Nb4 17. Bf1 Bb7 18. a3 Nc6 19. Nxd5 Qd8 20. Nb6 Ncb8
21. Bc5 Qc7 22. Nxa8 Qxc5 23. Qxc5 Nxc5 24. Nc7+ Ke7 25. Nd5+ Kf8 26. Ne3 g6
27. Rd8+ Kg7 28. Rxh8 Kxh8 29. Rd1 Kg7 30. b4 Ne4 31. c4 bxc4 32. Bxc4 Nf6 33.
Rd6 Ne4 34. Rb6 1-0

[Event "Xtracon GM"]
[Site "Borup"]
[Date "2009.09.05"]
[Round "2"]
[White "Bejtovic, Jasmin"]
[Black "Hvenekilde, Jorgen"]
[Result "1-0"]
[WhiteElo "2332"]
[BlackElo "2163"]
[PlyCount "75"]
[EventDate "2009.09.04"]
[EventType "swiss"]
[EventRounds "9"]
[EventCountry "DEN"]
[Source "ChessBase"]
[SourceDate "2009.11.03"]

1. c4 e5 2. Nc3 d6 3. g3 c6 4. Bg2 Be6 5. d3 g6 6. Nf3 Bg7 7. O-O h6 8. Rb1 Ne7
9. b4 f5 10. Bd2 O-O 11. b5 Nd7 12. Ne1 Nc5 13. Na4 Nxa4 14. Qxa4 Qd7 15. Nc2
f4 16. bxc6 bxc6 17. Qa6 Rab8 18. Rb4 Rxb4 19. Nxb4 fxg3 20. hxg3 Rc8 21. Be3
Rc7 22. Rb1 Bg4 23. f3 Bh3 24. Nc2 Bxg2 25. Kxg2 Kh7 26. Bd2 Qc8 27. Qxc8 Nxc8
28. Ba5 Rd7 29. Rb8 Ne7 30. Bd8 Nf5 31. e4 Nd4 32. Nxd4 exd4 33. a4 Kg8 34. a5
Kf7 35. a6 c5 36. Rb7 Ke8 37. Bb6 Bf6 38. Bxa7 1-0

[Event "Xtracon GM"]
[Site "Borup"]
[Date "2009.09.05"]
[Round "2"]
[White "Bekker Jensen, Simon"]
[Black "Gajic, Mladen"]
[Result "1/2-1/2"]
[WhiteElo "2415"]
[BlackElo "2263"]
[PlyCount "69"]
[EventDate "2009.09.04"]
[EventType "swiss"]
[EventRounds "9"]
[EventCountry "DEN"]
[Source "ChessBase"]
[SourceDate "2009.11.03"]

1. d4 d5 2. c4 c6 3. Nf3 Nf6 4. Nc3 e6 5. Bg5 h6 6. Bxf6 Qxf6 7. e3 Nd7 8. a3
g6 9. b4 Bg7 10. cxd5 exd5 11. Bd3 O-O 12. O-O Qe7 13. Qc2 Nb6 14. h3 Be6 15.
Ne2 Nc4 16. Bxc4 dxc4 17. Ne5 a5 18. Qc3 axb4 19. axb4 Bxe5 20. dxe5 b5 21. Ng3
c5 22. bxc5 Qxc5 23. Ne4 Qb6 24. Qb4 Kg7 25. Nd6 Rxa1 26. Rxa1 Rb8 27. Ra3 Qc6
28. Kh2 Qd5 29. f4 h5 30. Ra5 Qd3 31. Rxb5 Rxb5 32. Ne8+ Kg8 33. Nf6+ Kg7 34.
Ne8+ Kg8 35. Nf6+ 1/2-1/2

[Event "Xtracon GM"]
[Site "Borup"]
[Date "2009.09.05"]
[Round "2"]
[White "Bromann, Thorbjorn"]
[Black "Larsen, Karsten"]
[Result "1-0"]
[WhiteElo "2432"]
[BlackElo "2327"]
[PlyCount "93"]
[EventDate "2009.09.04"]
[EventType "swiss"]
[EventRounds "9"]
[EventCountry "DEN"]
[Source "ChessBase"]
[SourceDate "2009.11.03"]

1. d4 g6 2. e4 Bg7 3. Nc3 c6 4. Be3 d5 5. f3 Nf6 6. e5 Nfd7 7. f4 b5 8. Bd3 Nb6
9. b3 a5 10. a4 b4 11. Nce2 e6 12. Nf3 h5 13. O-O Ba6 14. Nc1 Nc8 15. c3 bxc3
16. Qc2 Ne7 17. Qxc3 Qb6 18. Bd2 Nd7 19. Bxa6 Rxa6 20. Nd3 O-O 21. h3 Rc8 22.
Rfc1 Ra7 23. Kh2 Qd8 24. g4 hxg4 25. hxg4 c5 26. dxc5 Nc6 27. g5 Rb7 28. Be3 d4
29. Bxd4 Ndb8 30. Nde1 Qd5 31. Rab1 Rb4 32. Be3 Rd8 33. Qc2 Qd7 34. Rd1 Qc8 35.
Rxd8+ Qxd8 36. Rd1 Qc8 37. Nd3 Rb7 38. Nd2 Na6 39. Nc4 Qb8 40. Rb1 Nab4 41.
Nxb4 Rxb4 42. Kg3 Bf8 43. Qd3 Be7 44. Kf2 Bxg5 45. fxg5 Rxc4 46. bxc4 Qxe5 47.
Rh1 1-0

[Event "Xtracon GM"]
[Site "Borup"]
[Date "2009.09.05"]
[Round "2"]
[White "De Verdier, Michael"]
[Black "Shoker, Samy"]
[Result "1/2-1/2"]
[WhiteElo "2276"]
[BlackElo "2488"]
[PlyCount "162"]
[EventDate "2009.09.04"]
[EventType "swiss"]
[EventRounds "9"]
[EventCountry "DEN"]
[Source "ChessBase"]
[SourceDate "2009.11.03"]

1. b3 Nf6 2. Bb2 g6 3. Bxf6 exf6 4. c4 Bg7 5. Nc3 O-O 6. g3 d6 7. Bg2 Nc6 8. e3
Nb4 9. d4 Bf5 10. e4 Bd7 11. Nge2 f5 12. O-O c5 13. dxc5 dxc5 14. Qd2 fxe4 15.
Rad1 Bg4 16. Nxe4 Qa5 17. f3 Bf5 18. N2c3 Bxe4 19. fxe4 Bxc3 20. Qxc3 Rad8 21.
e5 Rxd1 22. Rxd1 Rd8 23. Bd5 Qc7 24. Qf3 Re8 25. a3 Nc2 26. Rf1 Re7 27. e6 f5
28. g4 Nd4 29. Qe3 f4 30. Qe4 g5 31. Kh1 b6 32. h4 f3 33. Qe3 h6 34. Qe4 Qf4
35. Qg6+ Kh8 36. Qxh6+ Kg8 37. Qg6+ Kh8 38. Qh6+ Kg8 39. Qxg5+ Qxg5 40. hxg5
Kg7 41. b4 Kg6 42. Kh2 cxb4 43. axb4 Nxe6 44. Bxe6 Rxe6 45. Kg3 Re4 46. Rc1
Kxg5 47. Kxf3 Rxg4 48. c5 Kf5 49. cxb6 axb6 50. Rb1 b5 51. Ke3 Ke5 52. Kd3 Kd5
53. Kc3 Rg3+ 54. Kb2 Kc4 55. Ka2 Rg8 56. Rb2 Rg1 57. Rb1 Rg2+ 58. Ka3 Rg3+ 59.
Ka2 Rh3 60. Rb2 Rh1 61. Rb1 Rh8 62. Rb2 Ra8+ 63. Kb1 Ra3 64. Rh2 Rg3 65. Kb2
Rb3+ 66. Ka2 Rd3 67. Kb2 Kxb4 68. Rh4+ Ka5 69. Rh8 Ka4 70. Rg8 Rh3 71. Rf8 Rh2+
72. Kb1 b4 73. Rf3 Rg2 74. Rh3 b3 75. Rh8 Rg1+ 76. Kb2 Rg2+ 77. Kb1 Ka3 78.
Ra8+ Kb4 79. Rb8+ Ka3 80. Ra8+ Kb4 81. Rb8+ Ka3 1/2-1/2

[Event "Xtracon GM"]
[Site "Borup"]
[Date "2009.09.05"]
[Round "2"]
[White "Flindt, Thomas"]
[Black "Bekker Jensen, David"]
[Result "1/2-1/2"]
[WhiteElo "2166"]
[BlackElo "2338"]
[PlyCount "105"]
[EventDate "2009.09.04"]
[EventType "swiss"]
[EventRounds "9"]
[EventCountry "DEN"]
[Source "ChessBase"]
[SourceDate "2009.11.03"]

1. Nc3 c5 2. e4 Nc6 3. d3 g6 4. g3 Bg7 5. Bg2 e6 6. Nge2 Nge7 7. O-O O-O 8. f4
d6 9. Be3 Nd4 10. Qd2 Rb8 11. Nd1 b5 12. g4 f5 13. gxf5 exf5 14. Nec3 Bb7 15.
Nf2 b4 16. Nd5 Nxd5 17. exd5 Nb5 18. Rab1 Nc7 19. d4 Nxd5 20. dxc5 Nxe3 21.
Qxe3 Bxg2 22. Kxg2 dxc5 23. Qxc5 Kh8 24. Rbd1 Qh4 25. Nd3 Rfe8 26. Rde1 Rec8
27. Qf2 Qxf2+ 28. Rxf2 Bd4 29. Rd2 Rb7 30. Rde2 Kg7 31. Re7+ Rxe7 32. Rxe7+ Kf6
33. Re2 a5 34. Kf3 h6 35. h4 Rc6 36. Ne5 Bxe5 37. Rxe5 Rxc2 38. Rxa5 Rxb2 39.
Ra6+ Kf7 40. Rb6 h5 41. Ke3 Rxa2 42. Rxb4 Rh2 43. Kd4 Rxh4 44. Ke5 Rh1 45. Rb7+
Ke8 46. Kf6 Rg1 47. Rh7 Rg4 48. Ke6 Kf8 49. Kf6 Kg8 50. Ra7 Rxf4 51. Ra8+ Kh7
52. Ra7+ Kh6 53. Ra8 1/2-1/2

[Event "Xtracon GM"]
[Site "Borup"]
[Date "2009.09.05"]
[Round "2"]
[White "Glud, Jakob Vang"]
[Black "Smith, Axel"]
[Result "0-1"]
[WhiteElo "2476"]
[BlackElo "2415"]
[PlyCount "84"]
[EventDate "2009.09.04"]
[EventType "swiss"]
[EventRounds "9"]
[EventCountry "DEN"]
[Source "ChessBase"]
[SourceDate "2009.11.03"]

1. c4 Nf6 2. g3 c6 3. Nf3 d5 4. Qc2 Bg4 5. Bg2 Nbd7 6. d4 e6 7. O-O Bd6 8. Nbd2
O-O 9. b3 e5 10. dxe5 Nxe5 11. Bb2 Qe7 12. Rfe1 dxc4 13. Nxc4 Nxc4 14. Qxc4 Be6
15. Qh4 Ba3 16. Bxa3 Qxa3 17. Ng5 Bd7 18. Red1 Rad8 19. Ne4 Qe7 20. Rd4 Bf5 21.
Nxf6+ Qxf6 22. Qxf6 gxf6 23. Rf4 Be6 24. Rxf6 Rd2 25. Bf3 Rfd8 26. Rf4 Bh3 27.
e3 Rb2 28. Bg2 Rxa2 29. Rc1 Be6 30. Rb4 Rc2 31. Ra1 Ra2 32. Rc1 Rd7 33. Bf1 a5
34. Rb6 Rb2 35. Ra1 Rxb3 36. Rxb3 Bxb3 37. Rxa5 Rd1 38. Rc5 b5 39. Kg2 Bd5+ 40.
f3 Rd2+ 41. Kg1 Bxf3 42. g4 Bd5 0-1

[Event "Xtracon GM"]
[Site "Borup"]
[Date "2009.09.05"]
[Round "2"]
[White "Hansen, Lars Henrik Bech"]
[Black "Knudsen, Ole Scott"]
[Result "1-0"]
[WhiteElo "2096"]
[BlackElo "1982"]
[PlyCount "41"]
[EventDate "2009.09.04"]
[EventType "swiss"]
[EventRounds "9"]
[EventCountry "DEN"]
[Source "ChessBase"]
[SourceDate "2009.11.03"]

1. e4 d5 2. exd5 Nf6 3. Bb5+ Bd7 4. Bc4 b5 5. Bb3 a5 6. a3 Bg4 7. f3 Bc8 8. Nc3
Ba6 9. Nge2 Nbd7 10. Nd4 Nc5 11. Ba2 b4 12. axb4 axb4 13. Nc6 Qd6 14. Nxb4 Qe5+
15. Ne2 Ncd7 16. Bc4 Bb7 17. Rxa8+ Bxa8 18. d4 Qd6 19. c3 Nxd5 20. Nxd5 Bxd5
21. Bf4 1-0

[Event "Xtracon GM"]
[Site "Borup"]
[Date "2009.09.05"]
[Round "2"]
[White "Hein, Jacob"]
[Black "Knudsen, Jes West"]
[Result "0-1"]
[WhiteElo "1567"]
[BlackElo "1997"]
[PlyCount "68"]
[EventDate "2009.09.04"]
[EventType "swiss"]
[EventRounds "9"]
[EventCountry "DEN"]
[Source "ChessBase"]
[SourceDate "2009.11.03"]

1. c4 f5 2. d4 Nf6 3. Nc3 d6 4. Nf3 g6 5. e3 Nc6 6. Bd3 e5 7. d5 Ne7 8. e4 f4
9. O-O Bg7 10. b4 h6 11. c5 O-O 12. c6 bxc6 13. dxc6 Be6 14. b5 g5 15. Qe2 Ng6
16. Rd1 Bg4 17. a4 Qc8 18. Qa2+ Kh8 19. Be2 Bxf3 20. gxf3 Nh4 21. Rd3 Qh3 22.
Bf1 Nxf3+ 23. Rxf3 Qxf3 24. Nd5 Qg4+ 25. Kh1 Nxe4 26. h3 Qf3+ 27. Bg2 Nxf2+ 28.
Kg1 Nxh3+ 29. Kh2 Qg3+ 30. Kh1 Nf2+ 31. Kg1 Ng4 32. Nxc7 f3 33. Nxa8 Qh2+ 34.
Kf1 fxg2+ 0-1

[Event "Xtracon GM"]
[Site "Borup"]
[Date "2009.09.05"]
[Round "2"]
[White "Holst, Lasse"]
[Black "Petersen, Nils"]
[Result "0-1"]
[WhiteElo "1881"]
[BlackElo "2034"]
[PlyCount "128"]
[EventDate "2009.09.04"]
[EventType "swiss"]
[EventRounds "9"]
[EventCountry "DEN"]
[Source "ChessBase"]
[SourceDate "2009.11.03"]

1. d4 Nf6 2. c4 e6 3. Nc3 Bb4 4. Bg5 h6 5. Bh4 c5 6. dxc5 Qa5 7. Bxf6 gxf6 8.
Qd2 Bxc3 9. Qxc3 Qxc3+ 10. bxc3 Na6 11. Nf3 Nxc5 12. Nd4 a6 13. Rb1 d6 14. g3
Kd8 15. Bg2 Kc7 16. O-O Bd7 17. Nb3 Bc6 18. Rfd1 Bxg2 19. Kxg2 b6 20. Rd4 f5
21. f3 Rhg8 22. Rbd1 Rad8 23. Nxc5 bxc5 24. R4d2 f4 25. Rb1 fxg3 26. hxg3 Rb8
27. Rdb2 Rxb2 28. Rxb2 f5 29. Kf2 h5 30. Rb1 Rh8 31. Rh1 Kc6 32. Ke3 e5 33. Kd3
Kd7 34. e4 fxe4+ 35. Kxe4 Ke6 36. Rh4 Rg8 37. Rxh5 Rxg3 38. Rh6+ Ke7 39. Rh7+
Ke6 40. Ra7 Rh3 41. Rxa6 Rh4+ 42. Kd3 Rf4 43. Ke3 Rxc4 44. Ra3 Kd5 45. Kd3 Rf4
46. Ke3 Kc4 47. Rb3 Rf7 48. Ra3 d5 49. Ke2 Rb7 50. Ke3 Rb2 51. f4 exf4+ 52.
Kxf4 Re2 53. Kf5 Re3 54. Ra8 Rxc3 55. a4 d4 56. a5 d3 57. Ke4 Rc2 58. a6 Re2+
59. Kf3 Ra2 60. a7 Kc3 61. Ke3 c4 62. Ke4 d2 63. Rd8 Rxa7 64. Ke3 Re7+ 0-1

[Event "Xtracon GM"]
[Site "Borup"]
[Date "2009.09.05"]
[Round "2"]
[White "Ivanov, Mikhail M"]
[Black "Battaglini, Gabriel"]
[Result "1/2-1/2"]
[WhiteElo "2459"]
[BlackElo "2360"]
[PlyCount "130"]
[EventDate "2009.09.04"]
[EventType "swiss"]
[EventRounds "9"]
[EventCountry "DEN"]
[Source "ChessBase"]
[SourceDate "2009.11.03"]

1. d4 Nf6 2. c4 e6 3. Nf3 c5 4. g3 cxd4 5. Nxd4 Qb6 6. Bg2 Bc5 7. e3 Nc6 8. Nb3
d5 9. Nxc5 Qxc5 10. cxd5 exd5 11. O-O Bg4 12. Qb3 O-O 13. Nc3 Rad8 14. h3 Bc8
15. Qb5 Qe7 16. Ne2 a6 17. Qa4 Ne4 18. Nd4 Qf6 19. Nxc6 bxc6 20. Qd4 Qh6 21. h4
c5 22. Qe5 Rfe8 23. Qf4 Qxf4 24. exf4 d4 25. Bxe4 Rxe4 26. Bd2 c4 27. Rfe1 Bf5
28. f3 Rxe1+ 29. Rxe1 h5 30. Re5 g6 31. a3 f6 32. Rc5 Bd3 33. Bb4 Re8 34. Rd5
Re2 35. Rxd4 Rxb2 36. Rd6 Rc2 37. Rxf6 c3 38. Rf8+ Kg7 39. Rc8 Rc1+ 40. Kf2 c2
41. Bd2 Rh1 42. Ke3 Bf5 43. Rc7+ Kg8 44. a4 Ra1 45. a5 Ra3+ 46. Ke2 Ra2 47. Rc5
Kf7 48. Bc1 Ra4 49. Be3 Ra1 50. Bd2 Ke6 51. Rc3 Kd5 52. Ke3 Ra2 53. Rc7 Ra3+
54. Kf2 Ra2 55. Ke3 Rb2 56. Rc3 Kd6 57. Bc1 Rb1 58. Kd2 Rb5 59. g4 hxg4 60.
fxg4 Bxg4 61. Kxc2 Rxa5 62. Ra3 Rc5+ 63. Kd2 Rc6 64. Ra5 Ke6 65. Ba3 Kf6
1/2-1/2

[Event "Xtracon GM"]
[Site "Borup"]
[Date "2009.09.05"]
[Round "2"]
[White "Jacobsen, Bo"]
[Black "Miezis, Normunds"]
[Result "0-1"]
[WhiteElo "2321"]
[BlackElo "2558"]
[PlyCount "116"]
[EventDate "2009.09.04"]
[EventType "swiss"]
[EventRounds "9"]
[EventCountry "DEN"]
[Source "ChessBase"]
[SourceDate "2009.11.03"]

1. Nf3 c5 2. g3 Nc6 3. Bg2 e5 4. O-O g6 5. d3 Bg7 6. a3 Nge7 7. c4 O-O 8. Nc3
d6 9. Bd2 h6 10. Ne1 Kh7 11. Nc2 Be6 12. b4 Qd7 13. bxc5 dxc5 14. Rb1 b6 15.
Ne3 Bh3 16. Ned5 Bxg2 17. Kxg2 Nxd5 18. Nxd5 f5 19. e4 Nd4 20. f3 Rf7 21. Bc3
Ne6 22. Qe2 Raf8 23. h4 Nc7 24. Rf2 fxe4 25. dxe4 Ne6 26. Rd1 Qa4 27. Qd3 h5
28. Rb1 Qa6 29. Ra1 Qc8 30. a4 g5 31. Rh1 g4 32. Rhf1 gxf3+ 33. Rxf3 Rxf3 34.
Rxf3 Qe8 35. Rf5 Nd8 36. Qf3 Rxf5 37. exf5 e4 38. Qe3 Nf7 39. Bxg7 Kxg7 40. Nf4
Qe5 41. Nxh5+ Kf8 42. g4 Qb2+ 43. Kh3 Qd4 44. Qg3 e3 45. Nf4 Ke8 46. g5 Qe4 47.
f6 Ne5 48. g6 Qh1+ 49. Qh2 Qf1+ 50. Qg2 Qxf4 51. g7 Qf5+ 52. Kh2 Ng4+ 53. Kg3
Nxf6 54. Qa8+ Kd7 55. Qxa7+ Ke6 56. Qxb6+ Kf7 57. Qc7+ Kg8 58. Qd8+ Kxg7 0-1

[Event "Xtracon GM"]
[Site "Borup"]
[Date "2009.09.05"]
[Round "2"]
[White "Jakobsen, Ole"]
[Black "Kulaots, Kaido"]
[Result "1/2-1/2"]
[WhiteElo "2344"]
[BlackElo "2575"]
[PlyCount "66"]
[EventDate "2009.09.04"]
[EventType "swiss"]
[EventRounds "9"]
[EventCountry "DEN"]
[Source "ChessBase"]
[SourceDate "2009.11.03"]

1. d4 Nf6 2. c4 e6 3. Nf3 d5 4. cxd5 exd5 5. Qc2 Nc6 6. a3 Bg4 7. e3 Bd6 8. Bb5
O-O 9. Nc3 Ne7 10. Bd3 c5 11. dxc5 Bxc5 12. b4 Bd6 13. Bb2 Rc8 14. Nd4 Be5 15.
f3 Bd7 16. O-O h5 17. Rac1 Qc7 18. h3 Bxd4 19. exd4 Qf4 20. Qf2 Nf5 21. Ne2 Qd2
22. Bxf5 Qxb2 23. Bxd7 Nxd7 24. Nf4 Qxc1 25. Rxc1 Rxc1+ 26. Kh2 Nf6 27. Qh4 Rd1
28. Nxh5 Nxh5 29. Qxh5 Rxd4 30. Qe5 Rd1 31. Qe2 Ra1 32. Qb2 Rd1 33. Qe2 Ra1
1/2-1/2

[Event "Xtracon GM"]
[Site "Borup"]
[Date "2009.09.05"]
[Round "2"]
[White "Johansson, Anders"]
[Black "Akdag, Dara Sevkan"]
[Result "1/2-1/2"]
[WhiteElo "2047"]
[BlackElo "2188"]
[PlyCount "78"]
[EventDate "2009.09.04"]
[EventType "swiss"]
[EventRounds "9"]
[EventCountry "DEN"]
[Source "ChessBase"]
[SourceDate "2009.11.03"]

1. e4 c5 2. Nf3 d6 3. d4 cxd4 4. Nxd4 Nf6 5. Nc3 g6 6. Be3 Bg7 7. f3 O-O 8. Qd2
Nc6 9. O-O-O d5 10. exd5 Nxd5 11. Nxc6 bxc6 12. Bd4 e5 13. Bc5 Be6 14. Ne4 Re8
15. h4 Nf6 16. Ng5 Qxd2+ 17. Rxd2 Bh6 18. Kb1 Nh5 19. Rd1 Ng3 20. Rg1 Rad8 21.
Ba6 Bxg5 22. hxg5 Rd5 23. b4 e4 24. a4 Rxg5 25. a5 Rxc5 26. bxc5 e3 27. Rge1 f5
28. Rxe3 Ba2+ 29. Kxa2 Rxe3 30. Rd8+ Kf7 31. Rd7+ Re7 32. Rd6 Rc7 33. Bc4+ Ke7
34. Kb3 f4 35. Re6+ Kd8 36. Rf6 Nf5 37. Rf8+ Ke7 38. Rf7+ Kd8 39. Rf8+ Ke7
1/2-1/2

[Event "Xtracon GM"]
[Site "Borup"]
[Date "2009.09.05"]
[Round "2"]
[White "Larsen, Jesper Riis"]
[Black "Andersen, Lars Ren"]
[Result "1/2-1/2"]
[WhiteElo "1998"]
[BlackElo "2095"]
[PlyCount "121"]
[EventDate "2009.09.04"]
[EventType "swiss"]
[EventRounds "9"]
[EventCountry "DEN"]
[Source "ChessBase"]
[SourceDate "2009.11.03"]

1. Nf3 c5 2. b3 d5 3. e3 Nf6 4. Bb2 g6 5. c4 e6 6. d4 cxd4 7. Qxd4 Bg7 8. cxd5
exd5 9. Bb5+ Nc6 10. O-O O-O 11. Qh4 Bf5 12. Nbd2 Ne4 13. Qxd8 Rfxd8 14. Bxg7
Nxd2 15. Nxd2 Kxg7 16. Bxc6 bxc6 17. Rac1 Rac8 18. Rc5 d4 19. exd4 Rxd4 20. Nf3
Rd3 21. Rfc1 Be4 22. Ne5 Rd2 23. f3 Bf5 24. Ra5 Re8 25. Nc4 Rd7 26. Kf2 Be6 27.
Ne5 Rd2+ 28. Kf1 Bd5 29. Re1 Re7 30. Nd3 Rb7 31. Nf4 Rc7 32. Re2 Rd4 33. Nxd5
cxd5 34. Kf2 h5 35. h3 h4 36. Ke3 Rd1 37. Rd2 Re7+ 38. Kd3 Rxd2+ 39. Kxd2 Rd7
40. Kd3 Kf6 41. Kd4 Kf5 42. Ke3 g5 43. Ra4 d4+ 44. Rxd4 Rxd4 45. Kxd4 Kf4 46.
a4 Kg3 47. b4 Kxg2 48. b5 Kxh3 49. a5 Kg2 50. b6 axb6 51. axb6 h3 52. b7 h2 53.
b8=Q h1=Q 54. Qb2+ Kg3 55. Qb8+ Kh3 56. Qh8+ Kg2 57. Qxh1+ Kxh1 58. Ke4 Kg2 59.
Kf5 Kxf3 60. Kxg5 Ke4 61. Kf6 1/2-1/2

[Event "Xtracon GM"]
[Site "Borup"]
[Date "2009.09.05"]
[Round "2"]
[White "Lund, Silas"]
[Black "Rosenkilde, Alexander"]
[Result "1/2-1/2"]
[WhiteElo "2392"]
[BlackElo "2180"]
[PlyCount "88"]
[EventDate "2009.09.04"]
[EventType "swiss"]
[EventRounds "9"]
[EventCountry "DEN"]
[Source "ChessBase"]
[SourceDate "2009.11.03"]

1. d4 Nf6 2. c4 e6 3. Nc3 Bb4 4. e3 O-O 5. Bd3 d5 6. Nf3 Nbd7 7. O-O b6 8. cxd5
exd5 9. a3 Bxc3 10. bxc3 c5 11. a4 Re8 12. Ba3 c4 13. Bc2 Ne4 14. Bxe4 Rxe4 15.
Nd2 Re8 16. e4 dxe4 17. Re1 Qh4 18. Nxc4 Nf6 19. Qd2 Ba6 20. Nd6 Re6 21. c4 Rd8
22. Nf5 Qh5 23. Ng3 Qg4 24. Rac1 h5 25. d5 h4 26. h3 Qg6 27. Qf4 Ree8 28. Nf1
Nd7 29. Qxh4 f5 30. Bb2 Nc5 31. Re3 Rd7 32. Rg3 Qh7 33. Qxh7+ Kxh7 34. Ba3 Nd3
35. Rc2 Rc8 36. d6 Nc5 37. Rg5 g6 38. g4 Ne6 39. h4 Nxg5 40. hxg5 Rxc4 41. Ne3
Rxc2 42. Nxc2 fxg4 43. Ne3 g3 44. fxg3 Kg7 1/2-1/2

[Event "Xtracon GM"]
[Site "Borup"]
[Date "2009.09.05"]
[Round "2"]
[White "Madsen, Poul Henrik"]
[Black "Molvig, Henrik"]
[Result "1/2-1/2"]
[WhiteElo "2075"]
[BlackElo "2171"]
[PlyCount "70"]
[EventDate "2009.09.04"]
[EventType "swiss"]
[EventRounds "9"]
[EventCountry "DEN"]
[Source "ChessBase"]
[SourceDate "2009.11.03"]

1. d4 Nf6 2. Nf3 g6 3. Bf4 Bg7 4. e3 d6 5. h3 O-O 6. Be2 c5 7. c3 b6 8. O-O Bb7
9. Nbd2 Nbd7 10. Bh2 a6 11. Qc2 Rc8 12. Rac1 Rc7 13. Qb1 Qa8 14. c4 cxd4 15.
exd4 Ne4 16. d5 Nxd2 17. Nxd2 Rfc8 18. b3 b5 19. Bf4 bxc4 20. bxc4 Rb8 21. Qd3
Nc5 22. Qe3 Bc8 23. Bh6 Bh8 24. f4 Qa7 25. Kh1 Bf6 26. f5 Bxf5 27. g4 Nd3 28.
Qxa7 Rxa7 29. gxf5 Nxc1 30. Rxc1 gxf5 31. Nb3 Rc7 32. Rg1+ Kh8 33. Bf4 Rb4 34.
Rg2 Rd7 35. Bd2 Ra4 1/2-1/2

[Event "Xtracon GM"]
[Site "Borup"]
[Date "2009.09.05"]
[Round "2"]
[White "Pedersen, Hans Dahl"]
[Black "Skytte, Rasmus"]
[Result "0-1"]
[WhiteElo "2210"]
[BlackElo "2399"]
[PlyCount "94"]
[EventDate "2009.09.04"]
[EventType "swiss"]
[EventRounds "9"]
[EventCountry "DEN"]
[Source "ChessBase"]
[SourceDate "2009.11.03"]

1. c4 Nf6 2. g3 e5 3. Bg2 c6 4. d4 exd4 5. Qxd4 Na6 6. Nh3 Bc5 7. Qe5+ Be7 8.
O-O O-O 9. Nc3 Re8 10. Qd4 d5 11. cxd5 Nb4 12. Qd1 Nbxd5 13. Nxd5 Nxd5 14. Nf4
Nxf4 15. Bxf4 Qb6 16. Be5 Bc5 17. Bc3 Bg4 18. Bf3 Bxf3 19. exf3 Bb4 20. Bxb4
Qxb4 21. Qc2 Re6 22. Rad1 Rae8 23. Rd2 g6 24. Kg2 Qb5 25. Rfd1 Re2 26. Rxe2
Rxe2 27. Rd2 Rxd2 28. Qxd2 c5 29. Qc3 Qc6 30. Qe5 a6 31. g4 b5 32. Kg3 c4 33.
f4 Qd7 34. f5 gxf5 35. gxf5 Qd3+ 36. Kg4 h6 37. Qe8+ Kg7 38. Qe5+ Kh7 39. Qf6
Qd5 40. f3 a5 41. a3 b4 42. axb4 axb4 43. h3 Kg8 44. h4 Kh7 45. Kf4 c3 46. bxc3
Qc4+ 47. Ke3 bxc3 0-1

[Event "Xtracon GM"]
[Site "Borup"]
[Date "2009.09.05"]
[Round "2"]
[White "Rausis, Igors"]
[Black "Meyer, Lars August"]
[Result "1/2-1/2"]
[WhiteElo "2525"]
[BlackElo "2268"]
[PlyCount "236"]
[EventDate "2009.09.04"]
[EventType "swiss"]
[EventRounds "9"]
[EventCountry "DEN"]
[Source "ChessBase"]
[SourceDate "2009.11.03"]

1. e4 e6 2. d4 d5 3. Nd2 dxe4 4. Nxe4 Nf6 5. Nxf6+ gxf6 6. Nf3 b6 7. Bb5+ c6 8.
Bd3 Bb7 9. Qe2 Qc7 10. Be3 Nd7 11. a4 a5 12. O-O Bd6 13. c3 h5 14. Kh1 h4 15.
h3 Nf8 16. Rfb1 Ng6 17. b4 Nf4 18. Bxf4 Bxf4 19. bxa5 Rxa5 20. Qb2 c5 21. Qxb6
Qxb6 22. Rxb6 Bxf3 23. gxf3 cxd4 24. Bb5+ Kf8 25. cxd4 Rh5 26. Re1 Ra7 27. Rc6
Rc7 28. Re4 Rxc6 29. Bxc6 Bc7 30. Kg2 Bb6 31. d5 exd5 32. Re8+ Kg7 33. Rb8 Bc5
34. Rb5 Ba7 35. f4 Rh8 36. Rb7 Bc5 37. Bxd5 Rd8 38. Bxf7 Rd2 39. Kf3 f5 40.
Bc4+ Kf6 41. Be2 Rd4 42. a5 Ra4 43. a6 Ra3+ 44. Kg2 Ke6 45. Rc7 Bd4 46. Rh7 Kd6
47. Rh6+ Kd5 48. Rxh4 Ke4 49. Rh7 Ra2 50. Re7+ Kxf4 51. h4 Bf6 52. Re3 Bxh4 53.
Rh3 Kg5 54. Re3 Kf4 55. Rf3+ Ke5 56. Bc4 Ra4 57. Rc3 Bd8 58. Rc2 Bb6 59. Be2
Kd6 60. Bb5 Rg4+ 61. Kf3 Bc5 62. Bd3 Ra4 63. Bb5 Ra5 64. Rd2+ Ke5 65. Bc4 Ra3+
66. Kg2 Bd4 67. Re2+ Kf4 68. Rd2 Ke5 69. Be2 Ke4 70. Bf3+ Ke5 71. Bb7 Ba7 72.
Rd5+ Ke6 73. Rb5 f4 74. Bc8+ Kd6 75. Rf5 Ra4 76. Rf7 Bc5 77. f3 Be3 78. Kh3 Ra1
79. Kg4 Ke5 80. Re7+ Kd6 81. Re6+ Kc7 82. Bb7 Ra5 83. Rf6 Ra4 84. Kf5 Ra1 85.
Ke6 Ra3 86. Rf7+ Kb6 87. Rd7 Rc3 88. Rd6+ Ka7 89. Kd7 Bb6 90. Rf6 Rd3+ 91. Ke6
Be3 92. Rf7 Ra3 93. Kd5 Ra5+ 94. Kc4 Ra1 95. Kb3 Rb1+ 96. Ka2 Rb4 97. Ka3 Bc5
98. Ka2 Be3 99. Rf8 Kb6 100. Rc8 Rb5 101. Ra8 Kc7 102. Be4 Bc5 103. Bb7 Be3
104. Ka3 Kb6 105. Rc8 Bc5+ 106. Ka2 Be3 107. Rc4 Ra5+ 108. Kb3 Rb5+ 109. Ka2
Ra5+ 110. Kb3 Rb5+ 111. Ka3 Ra5+ 112. Kb4 Rb5+ 113. Ka4 Ra5+ 114. Kb3 Rb5+ 115.
Ka2 Ra5+ 116. Kb1 Rb5+ 117. Ka2 Ra5+ 118. Kb3 Rb5+ 1/2-1/2

[Event "Xtracon GM"]
[Site "Borup"]
[Date "2009.09.05"]
[Round "2"]
[White "Schmidt, Horst Hubert"]
[Black "Pedersen, Jan Kaas"]
[Result "0-1"]
[WhiteElo "1883"]
[BlackElo "2053"]
[PlyCount "42"]
[EventDate "2009.09.04"]
[EventType "swiss"]
[EventRounds "9"]
[EventCountry "DEN"]
[Source "ChessBase"]
[SourceDate "2009.11.03"]

1. d4 d5 2. Nf3 Nf6 3. h3 Bf5 4. e3 Nbd7 5. c4 c6 6. Nc3 e6 7. Bd2 Bd6 8. Be2
Ne4 9. O-O g5 10. cxd5 exd5 11. Ne1 Ndf6 12. Nxe4 dxe4 13. f3 h5 14. fxe4 Bxe4
15. Bf3 g4 16. Bxe4 Nxe4 17. Nd3 gxh3 18. Ne5 Bxe5 19. dxe5 Nxd2 20. Rf6 Ne4
21. Rxf7 Qxd1+ 0-1

[Event "Xtracon GM"]
[Site "Borup"]
[Date "2009.09.05"]
[Round "2"]
[White "Skovgaard, Peter Nicolai"]
[Black "Antonsen, Mikkel"]
[Result "1/2-1/2"]
[WhiteElo "2256"]
[BlackElo "2428"]
[PlyCount "33"]
[EventDate "2009.09.04"]
[EventType "swiss"]
[EventRounds "9"]
[EventCountry "DEN"]
[Source "ChessBase"]
[SourceDate "2009.11.03"]

1. e4 e5 2. Nf3 Nc6 3. Bb5 a6 4. Ba4 Nf6 5. O-O Be7 6. Re1 b5 7. Bb3 d6 8. c3
O-O 9. h3 Nb8 10. d4 Nbd7 11. Nbd2 Bb7 12. Bc2 Re8 13. Nf1 Bf8 14. Ng3 d5 15.
exd5 exd4 16. Nxd4 Bxd5 17. Bg5 1/2-1/2

[Event "Xtracon GM"]
[Site "Borup"]
[Date "2009.09.05"]
[Round "2"]
[White "Sulskis, Sarunas"]
[Black "Semcesen, Daniel"]
[Result "1-0"]
[WhiteElo "2568"]
[BlackElo "2465"]
[PlyCount "65"]
[EventDate "2009.09.04"]
[EventType "swiss"]
[EventRounds "9"]
[EventCountry "DEN"]
[Source "ChessBase"]
[SourceDate "2009.11.03"]

1. e4 e5 2. Bc4 Nf6 3. d3 c6 4. Nf3 d5 5. Bb3 Bd6 6. exd5 Nxd5 7. O-O O-O 8.
Re1 Re8 9. Ng5 Re7 10. Qh5 Bf5 11. Ne4 Bg6 12. Qh4 Qd7 13. Nbd2 Na6 14. Nf3 Bc7
15. Bg5 Ree8 16. Rad1 Bd8 17. Bxd8 Raxd8 18. Ng3 f6 19. d4 exd4 20. Rxe8+ Rxe8
21. Qxd4 b5 22. a4 bxa4 23. Bxa4 Qb7 24. Qc4 Nb8 25. Nd4 Bf7 26. Bb3 g6 27. Qc5
Re5 28. Nf3 Re8 29. Qd4 Qb6 30. Ne4 Nd7 31. Qxb6 axb6 32. Nd6 Rb8 33. Nd4 1-0